| 000 | 00000nam##2200000za#4500 |
| 001 | 9.699483 |
| 003 | CaOODSP |
| 005 | 20210927150511 |
| 007 | cr ||||||||||| |
| 008 | 150407|2001||||xxc|||||o f|0| 0 eng|d |
| 040 | |aCaOODSP|beng |
| 043 | |an-cn--- |
| 086 | 1 |aR74-20/2001E-PDF |
| 110 | 1 |aCanada. |bIndian and Northern Affairs Canada. |
| 245 | 14|aThe Cumulative Aquatic Effects Monitoring Program for the Coppermine River Basin |h[electronic resource] |
| 260 | |aOttawa - Ontario : |bIndian and Northern Affairs |c07 August 2001. |
| 300 | |a5p.|bmaps, table |
| 590 | |a15-02-Supp|b2015-02-16 |
| 690 | 07|aEnvironmental management|2gcpds |
| 775 | 08|tProgramme de surveillance des répercussions aquatiques cumulatives pour le bassin de la rivière Coppermine |w(CaOODSP)9.643543 |
| 856 | 40|ahttp://publications.gc.ca|qPDF|s878 KB|uhttps://publications.gc.ca/collections/collection_2014/aadnc-aandc/R74-20-2001-eng.pdf |